July 14 / (Record no. 13157)
[ view plain ]
| 000 -LEADER | |
|---|---|
| fixed length control field | 01025cam a22002891i 4500 |
| 001 - CONTROL NUMBER | |
| control field | 8744961 |
| 003 - CONTROL NUMBER IDENTIFIER | |
| control field | EG-ScBUE |
| 005 - DATE AND TIME OF LATEST TRANSACTION | |
| control field | 20240321120844.0 |
| 008 - FIXED-LENGTH DATA ELEMENTS--GENERAL INFORMATION | |
| fixed length control field | 741016s1929 nyuc f 000 0 eng d |
| 035 ## - SYSTEM CONTROL NUMBER | |
| System control number | (OCoLC)1042155 |
| 040 ## - CATALOGING SOURCE | |
| Original cataloging agency | DLC |
| Language of cataloging | eng |
| Description conventions | rda |
| Transcribing agency | TxU-Da |
| Modifying agency | OCoLC |
| -- | DLC |
| -- | EG-ScBUE |
| 041 1# - LANGUAGE CODE | |
| Language code of text/sound track or separate title | eng |
| Language code of original and/or intermediate translations of text | ger |
| 082 04 - DEWEY DECIMAL CLASSIFICATION NUMBER | |
| Edition number | 22 |
| Classification number | 940.288 |
| Item number | LUD |
| 100 1# - MAIN ENTRY--PERSONAL NAME | |
| Personal name | Ludwig, Emil, |
| Dates associated with a name | 1881-1948, |
| Relator term | author. |
| 9 (RLIN) | 10452 |
| 245 10 - TITLE STATEMENT | |
| Title | July 14 / |
| Statement of responsibility, etc | By Emil Ludwig ; translated from the German by C. A. Macartney. |
| 264 #1 - PUBLICATION, DISTRIBUTION, ETC. (IMPRINT) | |
| Place of publication, distribution, etc | New York ; |
| -- | London : |
| Name of publisher, distributor, etc | G. P. Putnam's Sons, |
| Date of publication, distribution, etc | 1929. |
| 300 ## - PHYSICAL DESCRIPTION | |
| Extent | 378 pages : |
| Other physical details | portraits ; |
| Dimensions | 23 cm |
| 336 ## - CONTENT TYPE | |
| Source | rdacontent |
| Content type term | text |
| Content type code | txt |
| 337 ## - MEDIA TYPE | |
| Media type term | unmediated |
| Source | rdamedia |
| Media type code | n |
| 338 ## - CARRIER TYPE | |
| Carrier type term | volume |
| Carrier type code | nc |
| Source | rdacarrier |
| 546 ## - LANGUAGE NOTE | |
| Language note | Text in English ; translated from the original Germany.<br/> |
| 650 #7 - SUBJECT ADDED ENTRY--TOPICAL TERM | |
| Topical term or geographic name as entry element | World War, 1914-1918 |
| General subdivision | Causes. |
| Source of heading or term | BUEsh |
| 9 (RLIN) | 10453 |
| 655 ## - INDEX TERM--GENRE/FORM | |
| Form subdivision | Reading book |
| 700 1# - ADDED ENTRY--PERSONAL NAME | |
| Personal name | Macartney, C. A. |
| Fuller form of name | (Carlile Aylmer), |
| Dates associated with a name | 1895-1978, |
| Relator term | translator. |
| 9 (RLIN) | 10454 |
| 942 ## - ADDED ENTRY ELEMENTS (KOHA) | |
| Source of classification or shelving scheme | Dewey Decimal Classification |
| Koha item type | Book - Borrowing |
| Withdrawn status | Lost status | Source of classification or shelving scheme | Damaged status | Not for loan | Collection code | Home library | Current library | Shelving location | Date acquired | Source of acquisition | Total Checkouts | Full call number | Barcode | Date last seen | Price effective from | Koha item type |
|---|---|---|---|---|---|---|---|---|---|---|---|---|---|---|---|---|
| Dewey Decimal Classification | Central Library | Central Library | Second Floor | 18/01/2010 | Donation | 940.288 LUD | 000019467 | 15/07/2025 | 18/01/2010 | Book - Borrowing |